000
00411nam a22001697a 4500
003
MPLRDC
005
20220104124121.0
008
210129b ||||| |||| 00| 0 eng d
082
_a
868.71 MH-5
100
_a
马汉主编
245
_a
一九八三年马华小说选
_c
250
_a
初版
260
_a
_b
长青贸易公司
_c
1984
300
_b
平
650
_a
马华文学
942
_c
BK
_o
868.71 MH-5
999
_c
16779
_d
16769